000
00190nam a2200097 4500
999
_c
530801
_d
530801
040
_c
DLC
082
_a
813.6
_b
MCL
100
_a
Mclarty, Ron
_9
22665
245
_a
Traveller
942
_2
ddc
_c
BK